| 000 | 00831nas a2200265 4500 | ||
|---|---|---|---|
| 001 | BR9406504 | ||
| 003 | BR-BrBNA | ||
| 005 | 20231205093757.0 | ||
| 007 | ta | ||
| 008 | 230509b bl.|||p| |||| 00| 00por d | ||
| 040 |
_aBR-BrBNA _bpor _cBiblioteca Nacional de Agricultura |
||
| 041 | _a(Pt) | ||
| 072 | _aF04 | ||
| 100 | 1 | _aSouza, S.R. de | |
| 100 | 1 | _aStark, E.M.L.M. | |
| 100 | 1 | _aFernandes, M.S. | |
| 245 | 1 | _aTeores e qualidade das proteinas de reserva do arroz em em funcao de aplicacao suplementar de N1 | |
| 650 | _aArroz | ||
| 650 | _aFertilizante Nitrogenado | ||
| 650 | _aAdubacao Foliar | ||
| 650 | _aProteina Vegetal | ||
| 773 | 0 |
_tPesquisa Agropecuaria Brasileira (Brazil) _xISSN 0100-204X _g(May 1993), v. 28(5) p. 575-583 _wBR9406504 |
|
| 909 |
_a202311 _bLúcia _c55 _dLúcia Elande |
||
| 942 |
_2AGRIS _n0 _cANA |
||
| 999 |
_c140352 _d140352 |
||